| 000 | 01439nam a2200277Ia 4500 | ||
|---|---|---|---|
| 003 | PE SENCICO BE | ||
| 005 | 20251020182435.0 | ||
| 008 | 200515s9999 xx 000 0 und d | ||
| 020 | _a92-9088-056-5 | ||
| 040 |
_aPE SENCICO BE _cPE SENCICO BE |
||
| 041 | _aspa | ||
| 082 |
_2378.1 _bC5 |
||
| 110 | 1 |
_aCentro Interamericano de Investigación y Documentación sobre Formación Profesional _92178 |
|
| 245 | 1 | 0 |
_aFormación y trabajo : _bde ayer para mañana / _cCentro Interamericano de Investigación y Documentación sobre Formación Profesional |
| 250 | _a[1a ed.] | ||
| 260 |
_aMontevideo : _bCinterfor/OIT ; _c1996 |
||
| 300 |
_a54 páginas : _btablas ; _c23 cm. |
||
| 490 |
_aPapeles de la oficina técnica ; _v1 |
||
| 505 | 0 | _aFormación profesional: continuidad y cambio -- Centralidad de la formación y desarrollo de recursos humanos dentro de la actual estrategia de desarrollo -- Estrategias de formación para el sector informal -- Las competencias laborales: una herramienta clave de la formación frente a los desafíos de la competitividad -- Un abanico de opciones para la articulación del Estado con el sector privado en materia de formación y desarrollo de recursos humanos | |
| 650 | 1 | 0 |
_aFormación profesional _91311 |
| 650 | 2 | 0 |
_aEducación y estado _92696 |
| 650 | 2 | 0 |
_aPUB CINTERFOR _92462 |
| 650 | 2 | 0 |
_aPUB OIT _92507 |
| 710 | 1 |
_92182 _aOrganización Internacional del Trabajo |
|
| 942 |
_cLIB _2ddc |
||
| 999 |
_c351 _d351 |
||